书目信息 |
| 书名: | MICHAEL JACKSON KING OF POP 1958-2009 | |
| 作者: | EMILY HERBERT | |
| 分册号: | ||
| 分册名: | 出版地: | Great Britain |
|
| 出版社: | JOHN BLAKE | |
| 出版时间: | 2009 | |
| 页数: | 206p | |
| 开本: | 20cm | |
| 丛书名: | ||
| 中图分类号: | ||
| 科图分类号: | ||
| 其他分类号: | K837.125 | |
| 主题词: | ||
| 电子资源: | ||
| 000 | 00503nam0 2200193 450 | |
| 001 | 052012181510 | |
| 005 | 20121107104711.0 | |
| 008 | 20021229d1997 em y0chiy0121 ea | |
| 020 | @a9781844548972@c£7.99 | |
| 041 | @aeng | |
| 091 | @aK837.125.76 | |
| 099 | @dK837.125@eR195 | |
| 100 | @a | |
| 245 | 10 | @aMICHAEL JACKSON KING OF POP 1958-2009@cEMILY HERBERT |
| 260 | @aGreat Britain@bJOHN BLAKE@c2009 | |
| 300 | @a206p@c20cm | |
| 521 | @aTHE LAST LECTURE | |
| 905 | @b8121-2 | |
| 905 | @aTSG@dK837.125@eR195 | |
| MICHAEL JACKSON KING OF POP 1958-2009 / EMILY HERBERT.-Great Britain : JOHN BLAKE , 2009 |
| 206p ; 20cm |
| THE LAST LECTURE |
| ISBN 9781844548972£7.99 |
| ● |
| 相关链接 |
|
|
|
正题名:MICHAEL JACKSON KING OF POP 1958-2009
索取号:K837.125/R195
 
预约/预借
| 序号 | 登录号 | 条形码 | 馆藏地/架位号 | 状态 | 备注 |
| 1 | 8121 | 300081211 | 社科库309/309社科库 993排2列3层/ [索取号:K837.125/R195] | 在馆 | |
| 2 | 8122 | 300081220 | 社科库309/309社科库 993排2列3层/ [索取号:K837.125/R195] | 在馆 |